| 000 | 00779cam a2200229 4500 | ||
|---|---|---|---|
| 008 | 000000n2000 000 0 eng u | ||
| 020 | _a1860814158 | ||
| 035 | _a(Sirsi) u108003 | ||
| 041 | _aENG | ||
| 050 | _a690.0285 | ||
| 110 |
_aBuilding Centre Trust _93162 |
||
| 245 | _aSpecifying construction products on the web: how construction product manufacturers and materials producers can use the world wide web to market to specifiers. | ||
| 260 |
_aLondon _bCRC Ltd _c2000 |
||
| 300 | _a8p. ; 30cm. | ||
| 490 |
_aIT Case Study _v14 |
||
| 650 | _aBUILT ENVIRONMENT-BUILDING MATERIALS | ||
| 650 | _aMARKETING | ||
| 650 | _aWORLDWIDE WEB | ||
| 690 | _aMANAGEMENT-BUSINESS MANAGEMENT-INFORMATION MANAGEMENT | ||
| 710 | _aBuilding Research Establishment | ||
| 942 | _n0 | ||
| 999 |
_c100754 _d100754 |
||